Criminal Justice (Theft and Fraud) Offences Act 2001 Quiz Stats

 Plays Quiz not verified by Sporcle

Also try: Not the Obvious II
Challenge
Share
Tweet
Embed
Score 0/16 Timer 10:00
0 Plays Today
Section % Correct
S.4Theft
100%
S.8Making Off without Payment
90%
S.9Unlawful Use of Computer
90%
S.12Burglary
90%
S.13Aggravated Burglary
90%
S.14Robbery
90%
S.17Handling Stolen Property
90%
S.18Possession of Stolen Property
90%
Section % Correct
S.25Forgery
90%
S.6Making Gain or Causing Loss by Deception
80%
S.7Obtaining Services by Deception
80%
S.11Suppression of Documents
80%
S.26Using False Instrument
80%
S.10False Accounting
70%
S.15Possession of Certain Articles
60%
S.19Withholding Certain Information Regarding Stolen Property
60%

You're not logged in!

Compare scores with friends on all Sporcle quizzes.
Join for Free
OR
Log In

You Might Also Like...

Show Comments

Extras

Top Quizzes Today


Score Distribution

Your Account Isn't Verified!

In order to create a playlist on Sporcle, you need to verify the email address you used during registration. Go to your Sporcle Settings to finish the process.

Report this User

Report this user for behavior that violates our Community Guidelines.

Details: